000 00706nam a2200205 i 4500
001 189523
003 ES-MaACL
005 20230906223507.0
007 t|
008 190606s1947 sp r ||||1| spa d
100 1 _aUgarte, Jesús.
_9111890
245 1 0 _aFitoquímica forestal.
_pPrimera parte.
260 _aMadrid :
_bInstituto Forestal de Investigaciones y Experiencias,
_c1947.
300 _a87 p. ;
_c24 cm.
490 1 _aInstituto Forestal de Investigaciones y Experiencias ;
_vAño XVIII, nº 37
650 4 _aFitoquímica.
_9164850
830 0 _aInstituto Forestal de Investigaciones y Experiencias ;
_vAño XVIII, nº 37
_9181435
852 _aES-MaACL
_jP-569-Bis-24
999 _c189523
_d189523